000 nam a22 7a 4500
999 _c9407
_d9407
008 180129b ||||| |||| 00| 0 eng d
100 _95628
_aAsthanaa.K.R
245 _aChandelikku or paatam
260 _anew delhi
_bcbt
_c2011